| 000 | 00606nam a2200217 a 4500 | ||
|---|---|---|---|
| 005 | 20210219152940.0 | ||
| 008 | 991125n 000 0 eng u | ||
| 035 | _aUPN01000068274 | ||
| 100 | _aPAKASLAHTI, Laura | ||
| 222 | _aEDUCATIONAL PSYCHOLOGY | ||
| 245 | _aComparison of peer teacher and self-assessments on adolescent direct agression | ||
| 300 | _a177-190 | ||
| 362 | _a2000 20 (2) | ||
| 653 | 0 | _aADOLESCENTES | |
| 653 | 0 | _aAGRESION | |
| 653 | 0 | _aESTUDIOS DE GENERO | |
| 653 | 0 | _aMAESTROS | |
| 700 | _aKELTIKANGAS-JARVINEN, Liisa, coaut. | ||
| 904 |
_aAC _b006085 |
||
| 905 | _aArticulo | ||
| 999 |
_c64467 _d64467 |
||